Pearl of Perlis: : Perlis State park guide

Bibliographic Details
Other Authors: Kassim Osman, Rahimatsah Amat, Surin Suksuwan
Format: Book
Published: Kangar : Jabatan Perhutanan Negeri Perlis : Allen & Unwin , 2002
Subjects:

MARC

LEADER 00000cam a2200000 7i4500
001 0000004009
005 20131024.0
020 0 0 |a 9834065345 
090 0 0 |a 915.9511   |b PER 2002 
245 1 0 |a Pearl of Perlis: :   |b Perlis State park guide   |c edited by Kassim Osman, Rahimatsah Amat & Surin Suksuwan 
260 0 0 |a Kangar :   |b Jabatan Perhutanan Negeri Perlis :   |b Allen & Unwin ,   |c 2002 
300 |a 116 p. :   |b col.ill., map ;   |c 22 cm. 
500 0 0 |a Includes index 
651 0 0 |a Perlis   |x Description and travelHistorical geography 
651 0 0 |a Perlis   |x Guiebook 
700 0 2 |a Kassim Osman 
700 0 2 |a Rahimatsah Amat 
700 0 2 |a Surin Suksuwan 
998 |a JPSM 
999 |a 007828   |b Monograph   |c Open Shelf   |e Default branch